000 00296nam a2200121Ia 4500
008 240624s9999 xx 000 0 und d
041 _aeng
082 _a658.87 BIY
100 _aKISHORE BIYANI
245 _aIT HAPPENED IN INDIA
260 _c2007
_aNew Delhi
_bRupa and Company
365 _cRS
_b30
999 _c25302
_d25302